| 000 -LEADER |
| fixed length control field |
00820nam a2200265Ia 4500 |
| 001 - CONTROL NUMBER |
| control field |
18280 |
| 003 - CONTROL NUMBER IDENTIFIER |
| control field |
GE_BSU |
| 005 - DATE AND TIME OF LATEST TRANSACTION |
| control field |
20230327121558.0 |
| 008 - FIXED-LENGTH DATA ELEMENTS--GENERAL INFORMATION |
| fixed length control field |
181216s2007||||fr |||||||||||||| ||fre|| |
| 020 ## - INTERNATIONAL STANDARD BOOK NUMBER |
| International Standard Book Number |
9782090353044 |
| 040 ## - CATALOGING SOURCE |
| Transcribing agency |
GE_BSU |
| 080 ## - UNIVERSAL DECIMAL CLASSIFICATION NUMBER |
| Universal Decimal Classification number |
811.133.1(076) I-33 |
| 245 ## - TITLE STATEMENT |
| Title |
ICI 1 Fichier "Decouvertes" A1 : |
| Remainder of title |
(fiches detachables) / |
| Statement of responsibility, etc. |
D. Abry, Y. Daas, C. Fert... ; Edition Virginie Poitrasson. |
| 264 ## - PRODUCTION, PUBLICATION, DISTRIBUTION, MANUFACTURE, AND COPYRIGHT NOTICE |
| Place of production, publication, distribution, manufacture |
Paris : |
| Name of producer, publisher, distributor, manufacturer |
CLE International, |
| Date of production, publication, distribution, manufacture, or copyright notice |
2007. |
| 300 ## - PHYSICAL DESCRIPTION |
| Extent |
45 p. ; |
| Dimensions |
30 cm. |
| 653 ## - INDEX TERM--UNCONTROLLED |
| keyword |
fiches detachables |
| 653 ## - INDEX TERM--UNCONTROLLED |
| keyword |
ICI 1. Cahier d'exercices A1 |
| 653 ## - INDEX TERM--UNCONTROLLED |
| keyword |
ფრანგული ენა |
| 700 ## - ADDED ENTRY--PERSONAL NAME |
| Personal name |
Abry, D. |
| Relator term |
by |
| 9 (RLIN) |
12725 |
| 700 ## - ADDED ENTRY--PERSONAL NAME |
| Personal name |
Daas, Y. |
| Relator term |
by |
| 9 (RLIN) |
17197 |
| 700 ## - ADDED ENTRY--PERSONAL NAME |
| Personal name |
Fert, C |
| Relator term |
by |
| 9 (RLIN) |
17198 |
| 700 ## - ADDED ENTRY--PERSONAL NAME |
| Personal name |
Poitrasson, Virginie |
| Relator term |
Edition |
| 9 (RLIN) |
12727 |
| 942 ## - ADDED ENTRY ELEMENTS (KOHA) |
| Koha item type |
წიგნი |
| Source of classification or shelving scheme |
|